000 00957nam a2200277 i 4500
001 bg
100 1 _aHabuda, Ludwik
245 1 0 _aTransformacyjne decyzje i decyzyjne procesy /
_cLudwik Habuda.
260 _aWrocław :
_bWydaw. Uniwersytetu Wrocławskiego,
_c2005.
300 _a242 s. :
_berr. ;
_c24 cm.
490 1 _aActa Universitatis Wratislaviensis,
_x0239-6661 ;
_vno 2686
500 _aStreszcz. ang.
504 _aBibliogr. s. 208-230. Indeksy.
650 9 _aDecyzje
_xgospodarka
651 9 _aPolska
_xgospodarka
_xsocjologia
_yod 1989 r.
830 _aActa Universitatis Wratislaviensis,
_x0239-6661 ;
015 _aPB 8107/2005
020 _a8322925344
040 _cBPK
041 0 _apol
_beng
080 _a65.011:316.334.2(438)"1989/..."
920 _a83-229-2534-4
942 _cKS
008 s pl f |000 0 pol
999 _c46161
_d46161
856 _uhttp://koha.tu.koszalin.pl/cgi-bin/koha/opac-detail.pl?biblionumber=46161
_yKatalog online BPK